000 01459nam0a22002891 4500
001 rc\188591
005 20030307113642.1
010 _a5-201-00656-6
_9250
035 _a(NLR Aleph) 005445979
090 _a4807358
_c4807358
100 _a20030307d1995 u |0rusy50 ca
101 0 _arus
102 _aRU
105 _ay |||||||||
200 1 _aРоссия и страны ближнего зарубежья: история и современность
_e[Материалы конф., 1993
_fРедкол.: С.Л. Тихвинский (отв. ред.) и др.]
210 _aМ.
_cИРИ
_d1995
215 _a279, [1] с.
_d20
300 _aВ надзаг.: Рос. АН, Ин-т рос. истории, Науч. совет "История междунар. отношений и внеш. политики России", Моск. гос. ин-т междунар. отношений М-ва иностр. дел Рос. Федерации
320 _aБиблиогр. в конце докл.
702 1 _aТихвинский
_bС. Л.
_gСергей Леонидович
_4340
712 0 2 _aИнститут российской истории
_cМосква
_3RU\NLR\AUTH\883386
712 1 2 _a"Исторический опыт внешней политики России
_cСССР)
_f1993
_eМосква
_3RU\NLR\AUTH\8815413
801 0 _aRU
_bNLR
_gpsbo
801 1 _aRU
_bELAR
_2rusmarc
852 _aNLR
_j95-3/9371
942 _cBOOK
980 _aNB